000 00254nam a2200109Ia 4500
008 220624s9999 xx 000 0 und d
020 _a086814 5173
082 _aLP AF
100 _aLINDA JOUBERT
_9147995
245 0 _aROOSMARYN EN WYNRUIT
942 _cBK
_w561
_xJohn Tresidder
_y561
_zJohn Tresidder
999 _c684945
_d684944